000
00206 a2200109 4500
020
_a
84-7546-971
041
_a
spa
100
_a
Disney, Walt
245
_a
El Libro de la Selva
942
_c
BK
952
_7
4
999
_c
20715
_d
20715